Quizzes
Events
Quiz Creation
Community
Videos
Private Events
Remove Ads
Sign In
Join for FREE
Feedback
Dark Mode
Quiz Categories
Sports
Geography
Music
Movies
Television
Just For Fun
Miscellaneous
History
Literature
Language
Science
Gaming
Entertainment
Religion
Holiday
For Kids
Quiz Lab
Recent
Popular Today
Quiz Kudos Today
Editor Picks
Curator Picks
Quizzes by...
Day
Popularity
Type
Ratings
Length
Year
Community
Subscriptions
Recent Discussions
Orange Saloon
Badges
Playlists
Quests
Create
Leaderboards
Showdown
Live 5
Trivia Bingo
Activity
Puzzle Library
Sporcle Events
Private Events
Virtual Trivia
Globe League
Become a Host
Pub Owners
SporcleCon
Opinionation
Our Games
Videos
Blog
Mobile Apps
Partnerships
Remove Ads and Go Orange
Feedback
Literature
Harry Potter
A Song of Ice and Fire
The Hunger Games
Literary Character
Shakespeare
Book
Author
Novel
Poem
Young Adult
Children's Books
Play
Lord of the Rings
Literature
Harry Potter
A Song of Ice and Fire
The Hunger Games
Literary Character
Shakespeare
Book
Author
Novel
Poem
Young Adult
Children's Books
Play
Lord of the Rings
Random Quiz
Search Sporcle
×
Quiz Lab
Quiz Lab
Literature
Author
Type in answers that appear in a list
Type in answers that appear in a list
Classic
Best Score? Go Orange.
W.E.B. Griffin Series Novels Stats
Can you name the W.E.B. Griffin Series Novels?
By
Chasingamy
10m
43 Questions
12 Plays
12 Plays
12 Plays
Comments
Comments
Give Quiz Kudos
Give Quiz Kudos
-
- Ratings
hide this ad
Replay
Link that replays current quiz
Next Quiz
Link to next quiz in quiz playlist
You Got
0%
They Got
Avg Score
35%
Avg Friend Score
Upgrade to see
Score Distribution
Jump to the score distribution portion of the page
Score
0/43
Timer
10:00
0
Plays Today
Series
Title
% Correct
Brotherhood Of War
The Captains
91.7%
Brotherhood Of War
The Generals
91.7%
Brotherhood Of War
The Lieutenants
83.3%
Brotherhood Of War
The Majors
83.3%
Brotherhood Of War
The Colonels
83.3%
Brotherhood Of War
The Aviators
66.7%
The Presidential Agent
By Order of the President
66.7%
The Corps
Retreat, Hell!
66.7%
Brotherhood Of War
The New Breed
58.3%
Brotherhood Of War
Special Ops
58.3%
The Presidential Agent
The Shooters
58.3%
Brotherhood Of War
The Berets
50%
The Corps
Semper Fi
50%
The Presidential Agent
The Hostage
41.7%
Honor Bound
Honor Bound
41.7%
Honor Bound
Blood And Honor
41.7%
The Presidential Agent
The Hunters
33.3%
The Presidential Agent
Black Ops
33.3%
The Corps
Call To Arms
33.3%
Badge Of Honor
The Assassin
33.3%
Honor Bound
Secret Honor
33.3%
The Corps
Counterattack
25%
Series
Title
% Correct
The Corps
Battleground
25%
The Corps
Line Of Fire
25%
Men At War
The Soldier Spies
25%
Men At War
The Fighting Agents
25%
The Corps
Close Combat
16.7%
The Corps
Behind The Lines
16.7%
The Corps
In Danger's Path
16.7%
The Corps
Under Fire
16.7%
Badge Of Honor
Special Operations
16.7%
Badge Of Honor
The Victim
16.7%
Badge Of Honor
The Witness
16.7%
Badge Of Honor
The Murderers
16.7%
Honor Bound
The Honor Of Spies
16.7%
Men At War
The Last Heroes
16.7%
Badge Of Honor
Men In Blue
8.3%
Badge Of Honor
The Investigators
8.3%
Badge Of Honor
Final Justice
8.3%
Badge Of Honor
The Traffickers
8.3%
Men At War
The Saboteurs
8.3%
Men At War
The Double Agents
8.3%
Honor Bound
Death And Honor
0%
Quiz Playlist
Details
Report
Send in Message
Add To Playlist
Classic:
Type in answers that appear in a list
Quiz Source
Last Updated: Feb 16, 2017
Quiz Scoreboard
CHALLENGE
Sign Up to Join the Scoreboard
Show All
Scores
Hide
Comments
May contain spoilers
Recently Published
Movies - When Are They Set?
by FPL_Elf
Movies
5m
Popular People in 1961
by mucciniale
History
6m
1-10 Letter E Words III
by El_Dandy
Language
2m
More to Explore
Quiz From the Vault
Featured Blog Post
Where Did the Easter Bunny Come From?
hide this ad
You Might Also Like...
Tags
Author Quiz
Novel Quiz
griffin
Web
Today's Top Quizzes in Literature
Browse Literature
hide this ad
Today's Top Quizzes in Author
Browse Author
Top Contributed Quizzes in Literature
1
Sneaky Slytherin Logic Puzzle
2
One Thing in Common: Literature
3
Get The Picture: Black or White Literature
4
Harry Potter Neighbourly Logic Puzzle #3
5
Weasley Family Reunion: Logic Puzzle
6
One Thing in Common: Books
7
One Thing in Common: Literature II
8
Harry Potter Neighbourly Logic Puzzle #1
9
Harry Potter Neighbourly Logic Puzzle #5
10
Harry Potter Neighbourly Logic Puzzle #6
Explore More
Trending Topics
Crossword
Anime
Disney
NBA
Kpop
Marvel
Harry Potter
NFL
Soccer
WWE
Puzzle
The Office
Country
Pokémon
Song
hide this ad
More By:
Chasingamy
Quiz
Plays
Rating
Category
Featured
Created
FBS schools by stadium
176
1.67
Sports
Nov 8, 2009
Pink Floyd Opening Songs
94
2.00
Music
Feb 17, 2010
W.E.B. Griffin Series Novels
12
Literature
Nov 8, 2009
Go to Creator's Profile
Score Distribution
Quiz Creator Spotlight
Chasingamy
Follow
Send a Message
Quizzes Created
-
Created Quiz Play Count
-
More By This Creator
Popular Quizzes Today
1
Find the Countries of Europe - No Outlines Minefield
2
Find the US States - No Outlines Minefield
3
The Countries of the World
4
Popular People in 1961
5
US States
6
1-10 Letter E Words III
7
Find the US States
8
One Thing in Common: World Cities II
More Literature Quizzes
Pumpkins in Harry Potter Chapters
Curator's Pick
Trending Quizzes
Risky Map Clicking: Least Populous States A-Z
1-10 Letter F Words
1-10 Letter G Words
One Thing in Common: United Kingdom
Risky Map Clicking: Next State Alphabetically
Recently Updated
Leaping Animals
pecheneg
Reality TV Shows (A-Z)
bhenderson79
Rickey Henderson's Hall of Fame Teammates
pecheneg
Champions League XIs: Arsenal
pecheneg
Quick Pick: Celebrities in WWE's Hall of Fame
aduchscher
A-Z Keypad Blitz II
pecheneg
Multiple Oscar Actors
pecheneg
Mystery Phrase Blitz: Oscar 'Best Actors'
pecheneg
F. Scott Fitzgerald Novels
LTH
Pick 3 Villains
ddd62291
Trending Topics
Anime
Kpop
Harry Potter
Marvel
Disney
Crossword
NBA
Country
Soccer
WWE
Puzzle
NFL
The Office
Song
Pokémon
Your Account Isn't Verified!
In order to create a playlist on Sporcle, you need to verify the email address you used during registration. Go to your
Sporcle Settings
to finish the process.
Report this User
Report this user for behavior that violates our
Community Guidelines
.
Details:
Send Report
Go to the Sporcle.com Mobile Site →
Comments